000 00807nam a2200229 i 4500
001 106398
003 ES-MaACL
005 20240310062956.0
007 t|
008 061110s1968 xxu ||||1| eng d
080 _a1 Hegel, Georg Wilhelm Friedrich
080 _a316.2
100 0 _aMarcuse, Herbert,
_d1898-1979
_976559
245 1 0 _aReason and revolution
_b: Hegel and the rise of social theory /
_cHerbert Marcuse ; with a new preface, "A note on dialectic", by the autor.
250 _a4ª ed.
260 _aBoston :
_bBeacon Press,
_c1968.
300 _aXVI, 431 p. ;
_c21 cm.
600 1 4 _aHegel, Georg Wilhelm Friedrich-
_xCrítica e interpretación.
_962317
650 4 _aSociología-
_vHistoria.
_917200
852 _aES-MaACL
_jE-11375
_bR.138108
999 _c106398
_d106398